000 00375nam a2200145Ia 4500
008 100204s9999 xx 000 0 und d
082 _b13441
100 _aकदम बा.
245 _aसाकी
260 _b"शशीदीप प्रकाशन , पुणे"
_c1990
300 _a208
630 _aसाकी
730 _aसाकी
942 _cBOOK
999 _c457873
_d457870